Kabupaten in Bali - Statistics

General Stats
  • This quiz has been taken 251 times
  • The average score is 6 of 9
Answer Stats
Kabupaten % Correct
Kota Denpasar
89%
Gianyar
74%
Badung
73%
Buleleng
72%
Bangli
68%
Klungkung
67%
Tabanan
66%
Jembrana
65%
Karangasem
65%
No matching quizzes found
Score Distribution
Percent of People with Each Score
Percentile by Number Answered
Your Score History
You have not taken this quiz